000 00985nam a2200289 i 4500
003 DO-SdBNP
005 20240711153900.0
007 ta
008 240711b1983 sp ||||| |||| 00| 0 spa d
020 _a8401332168
040 _aDO-SdBNP
_bspa
_cBNPHU
_erda
082 4 _222
100 _aThomas, Gordon,
_948546
_eautor
245 3 _aEl día en que se hundió la bolsa :
_buna historia social del Crac de Wall street /
_cGordon Thomas, Max Morgan-Witts ; traductor, Adolfo Martin
264 _aBarcelona
_bPlaza & Janes,
_c1983.
300 _a299 páginas
_c22 cm.
336 _2rdacontent
_atexto
_btxt
337 _2rdamedia
_asin mediación
_bn
338 _2rdacarrier
_avolumen
_bnc
500 _aIncluye datos biográficos de los autores en la contracubierta
504 _aBibliografía : páginas 287-299
590 _aInventariado, 2024/BT
700 1 2 _aMorgan-Witts, Max
_986067
700 1 _aMartin, Adolfo,
_etraductor
_95534
910 _aBtavárez
942 _2ddc
_cLBS1
999 _c57274
_d57274